000
00302nam a2200121Ia 4500
008
220216s9999 xx 000 0 und d
100
_a
Vijayagopalan K
245
0
_a
Factice from rubber seed oil
260
_b
Rubber Board Bulletin
_c
1971
300
_a
48-51
650
_a
Rubber seed oil
942
_c
JS
999
_c
59221
_d
59221